Topics in the homology theory of fibre bundles

Gorde:
Xehetasun bibliografikoak
Egile nagusia: Borel, Armand (Egilea)
Formatua: Liburua
Hizkuntza:ingelesa
Argitaratua: Berlín Springer-Verlag 1967
Saila:Lecture Notes in Mathematics, 36
Gaiak:
Etiketak: Etiketa erantsi
Etiketarik gabe, Izan zaitez lehena erregistro honi etiketa jartzen!

MARC

LEADER 00000nam a2200000 a 4500
001 UCP3047
003 CL-VaPUC
008 990604e19670000GW |||||||||||||||||eng|d
082 0 4 |a 514.224  |b BOR  |2 21 
100 |a Borel, Armand  |e author  |9 424625 
245 1 0 |a Topics in the homology theory of fibre bundles 
300 |a 95 p 
942 |c BK 
945 |d 19990604 00:00:00  |a crobeson 
260 |a Berlín  |b Springer-Verlag  |c 1967 
650 7 |a FIBRADOS  |2 CL-VaPUC  |9 430131 
650 0 |a Topología algebraica   |9 269858 
650 7 |a GRUPOS METRICOS  |2 CL-VaPUC  |9 430132 
650 7 |a GRUPOS ORTOGONALES  |2 CL-VaPUC  |9 430133 
583 |a last modification  |c 19990604 00:00:00  |k Rodrigo Vera 
490 0 |a Lecture Notes in Mathematics, 36 
999 |c 281487  |d 281485 
952 |0 0  |1 0  |4 0  |6 514_224000000000000_BOR_1967  |7 0  |8 A  |9 322242  |a BIBMAT  |b BIBMAT  |d 2019-11-20  |i 1347705  |o 514.224 BOR 1967  |p 1347705  |r 2025-01-07  |w 2019-11-20  |y BK  |k MAT